000 00701nam a22002177a 4500
005 20240530110956.0
008 220126b2004 ua g 000 0 ara d
040 _aEG-CaGPL
_cEG-CaGPL
082 0 4 _221
_a812.009 /
_bس ا
100 0 _aسعد الله ونوس
245 1 2 _aالاعمال الكاملة :
_cسعد الله ونوس .
_n3 مج
250 _aط1
260 _aبيروت :
_bدار الاداب ،
_c2004.
300 _aمتعدد 3 مج ؛
_c19 سم.
650 0 7 _2qrmak
_aالادب العربى
650 0 7 _2qrmak
_aسعد الله ونوس
650 0 7 _2qrmak
_aالمسرحيات
651 _2qrmak
942 _2ddc
_cBK
999 _c67095
_d67095